| 000 | 02622nam0a22006491 4500 | ||
|---|---|---|---|
| 001 | RU\NLR\A1SV\37432 | ||
| 005 | 20260406093230.0 | ||
| 035 | _a(NLR Aleph) 009719845 | ||
| 090 |
_a9868998 _c9868998 |
||
| 100 | _a20010214d1923 u y0rusy50 ca | ||
| 101 | 0 | _arus | |
| 102 | _aRU | ||
| 200 | 1 |
_aРваный плащ _dIl mantelaccio _eПоэма в 4 д. _aУжин шуток _dLa cena delle beffe _eДрам. поэма в 4 актах _fСем Бенелли _gПер. А.В.Амфитеатрова, И.Гриневской и В.Нардуччи, вступ. ст. В.А.Амфитеатрова и А.В.Луначарского |
|
| 210 |
_aПб. _aМ. _cГосиздат _d1923 |
||
| 215 |
_a251, [5] с. _d22 см |
||
| 225 |
_aВсемир. лит. _iИталия _fПод ред. А.Л.Волынского _vИзбр. соч. Сем Бенелли, Sem Bennelli, род. 1880 |
||
| 300 | _aЗагл. обл.: Драматические поэмы | ||
| 320 | _aБиблиогр.: 6 назв. | ||
| 512 | 1 | _aДраматические поэмы | |
| 620 | _dМосква | ||
| 620 | _dСанкт-Петербург | ||
| 700 | 1 |
_4070 _7ca _8rus _aБенелли _bС. _f1877-1949 _gСем _3RU\NLR\AUTH\770284816 _92678629 |
|
| 702 | 1 |
_aАмфитеатров _bА.В. _f1862-1938 _gАлександр Валентинович _4070 |
|
| 702 | 1 |
_6z01790 _aАмфитеатров-Кадашев _bВ.А. _f1888-1942 _gВладимир Александрович |
|
| 702 | 1 |
_aГриневская _bИ.А. _f1854-1942 _gИзабелла Аркадьевна _4070 |
|
| 702 | 1 |
_aНардуччи _bВ. _gВирджильо _4070 |
|
| 702 | 1 |
_6z02790 _aВолынский _bА.Л. _f1863-1926 _gАким Львович _4070 |
|
| 702 | 1 |
_aЛуначарский _bА.В. _f1875-1933 _gАнатолий Васильевич _4070 |
|
| 790 | 1 |
_6z01702 _aАмфитеатров _bВ.А. |
|
| 790 | 1 |
_6z02702 _aФлексер _bХ.Л. _gХаим Лейбович |
|
| 801 | 0 |
_aRU _bNLR _c20010214 |
|
| 852 |
_aNLR _j17.127.2.9-2 |
||
| 899 | _aLGSL | ||
| 899 | _aNLG | ||
| 899 | _aSLK | ||
| 899 | _aАКУНБ | ||
| 899 | _aАстОНБ | ||
| 899 | _aКирОУНБ | ||
| 899 | _aМГУ | ||
| 899 | _aНБ ПетрГУ | ||
| 899 | _aНБ РКоми | ||
| 899 | _aНБЛ КГУ | ||
| 899 | _aНБУВ | ||
| 899 | _aПТБ | ||
| 899 | _aРГБ | ||
| 899 | _aРГБИ | ||
| 899 | _aРГГУ | ||
| 899 | _aРКП | ||
| 899 | _aСОУНБ | ||
| 899 | _aСПбГУ | ||
| 899 | _aСамОУНБ | ||
| 899 | _aТОУНБ | ||
| 899 | _aУОНБ | ||
| 942 | _cBOOK | ||
| 980 | _aNB | ||
| 980 | _aA1SV | ||